000 00550nam a2200205Ia 4500
003 OSt
005 20230417105610.0
008 210423s2007 xx 000 0 und d
020 _a8130906384
040 _cAL
041 _aeng
082 _a809.935 BLOH
100 _aBLOOM (Harold),Ed.
_989170
245 _aToni Morrisons beloved.
260 _aNew Delhi
_bViva Books Pvt Ltd
_c2007
300 _avii,223
_bPB
365 _b145
_cINR
906 _abeloved. ; critical ; interpretations ; modern ; Morrisons ; Toni ; Viva
942 _2ddc
_cBK
999 _c159903
_d159903